Principios de organización

Na minha lista:
Detalhes bibliográficos
Autor principal: Mooney, James D. (autor)
Formato: Livro
Idioma:espanhol
Publicado em: Madrid Instituto de Estudios Políticos 1958
Colecção:Estudios de Administración, 13
Assuntos:
Tags: Adicionar Tag
Sem tags, seja o primeiro a adicionar uma tag!

MARC

LEADER 00000nam a2200000 a 4500
001 UCS0403
003 CL-VaPUC
008 970426e19580000SP |||||||||||||||||spa|d
082 0 4 |a 342.06  |b MOO  |2 21 
100 |a Mooney, James D.  |e autor  |9 383819 
245 1 0 |a Principios de organización 
300 |a 341 p 
942 |c BK 
945 |d 19970426 00:00:00  |a cmena 
260 |a Madrid  |b Instituto de Estudios Políticos  |c 1958 
650 0 |a Administración pública   |9 255343 
650 0 |a Derecho y política  |9 257017 
650 7 |a FUNCIONALISMO  |2 CL-VaPUC  |9 383820 
650 0 |a Política económica   |9 255029 
650 0 |a Estado y economía  |9 383167 
583 |a last modification  |c 19970426 00:00:00  |k Rodrigo Vera 
490 0 |a Estudios de Administración, 13 
999 |c 258632  |d 258630 
952 |0 0  |1 0  |4 0  |6 342_060000000000000_MOO_1958  |7 0  |8 A  |9 282881  |a BIBDER  |b BIBDER  |d 2019-11-19  |i 1837001  |o 342.06 MOO 1958  |p 1837001  |r 2023-01-25  |w 2019-11-19  |y BK  |k DER